Compass Directions - Sydney Public Transport Extremes - Statistics

General Stats
  • This quiz has been taken 28 times
  • The average score is 12 of 24
Answer Stats
Question Answer % Correct
Westernmost Ferry Wharf (Sydney Harbour) Parramatta
92%
Northernmost Ferry Wharf (Sydney Harbour) Manly
83%
Northernmost Light Rail Stop (Sydney and Newcastle) Newcastle Interchange
79%
Westernmost Intercity Station Bathurst
75%
Westernmost Sydney Trains Station Emu Plains
75%
Easternmost Sydney Trains Station Bondi Junction
71%
Southernmost Light Rail Stop (Sydney and Newcastle) Juniors Kingsford
71%
Westernmost Light Rail Stop (Sydney and Newcastle) Westmead
71%
Westernmost Metro Station (includes Under Construction) Airport Terminal
67%
Southernmost Sydney Trains Station Waterfall
63%
Southernmost Metro Station (includes Under Construction) Bradfield
58%
Easternmost Light Rail Stop (Sydney and Newcastle) Newcastle Beach
54%
Southernmost Sydney Bus Stop (Suburb) Wollongong - Rte 887
54%
Easternmost Metro Station (includes Under Construction) Martin Place
46%
Easternmost Ferry Wharf (Sydney Harbour) Manly
42%
Easternmost Intercity Station Newcastle Interchange
42%
Northernmost Metro Station (includes Under Construction) Rouse Hill
38%
Northernmost Sydney Bus Stop (Suburb) Wisemans Ferry - Rte 672
33%
Northernmost Sydney Trains Station Richmond
29%
Southernmost Intercity Station Bomaderry
25%
Easternmost Sydney Bus Stop (Suburb) Avalon - Rte 192
21%
Southernmost Ferry Wharf (Sydney Harbour) Double Bay
21%
Northernmost Intercity Station Scone
21%
Westernmost Sydney Bus Stop (Suburb) Berambing - Rte 682
4%
No matching quizzes found
Score Distribution
Percent of People with Each Score
Percentile by Number Answered
Your Score History
You have not taken this quiz